00826nam a2200229 a 450000100060000000300080000600500170001400800410003102000150007203500190008704000270010604100080013308200300014110000270017124501110019826000470030930000330035650400310038965000540042065000620047465000600053658540BD-RjUL20211209080631.0161219s1985 ne bs 000 0 eng d a8170740371 a(BD-RjUL)58664 aDLCcDLCdBD-RjULbeng aeng a333.3095414223bISB 19851 aIslam, Sirajul,d1939-10aBengal land tenure :bthe origin and growth of intermediate interests in the 19th century /cSirajul Islam aNew Delhi :bK. P. Bagchi & Company,c1988 aviii, 130 p :bill. ;c24 cm aBibliography: p. [119]-130 0aLand tenurezIndiazBengalxHistoryy19th century 0aLand value taxationzIndiazBengalxHistoryy19th century 0aTaxes, Farming ofzIndiazBengalxHistoryy19th century